Normal view
MARC view
Entry Topical Term
001 - CONTROL NUMBER
- control field: 279
003 - CONTROL NUMBER IDENTIFIER
- control field: OSt
005 - DATE AND TIME OF LATEST TRANSACTION
- control field: 20110408102704.0
008 - FIXED-LENGTH DATA ELEMENTS
- fixed length control field: 110408|||a|||||| | ||| d
040 ## - CATALOGING SOURCE
- Original cataloging agency: OSt
- Transcribing agency: OSt
150 ## - HEADING--TOPICAL TERM
- Topical term or geographic name as entry element: Law
- Geographic subdivision: Great Britain
- General subdivision: Interpretation and construction.
670 ## - SOURCE DATA FOUND
- Source citation: Work cat.: (OSt)105: Odgers, Charles E. (Charles Edwin), b. 1870. 278, Odgers' construction of deeds and statutes /, 1967.
